000 00381nam a22001457a 4500
999 _c193286
_d193286
008 221019b ||||| |||| 00| 0 eng d
082 _aS-SIN
100 _aSINHA,SAROJNI
245 _aCYBER DUDE AND THE MYSTERY
_hENGLISH
260 _aNEW DELHI
_bA.I.C.B
_cROHINI
270 _aA.I.C.B,ROHINI NEW DELHI
300 _a.
_b.
_c12X13
490 _v1-2
942 _2ddc
_cBRLEN
_kS
_mSIN